00480nam a22001697a 450000500170000001000140001702000230003102000260005403500130008003700130009308200100010610000190011624500450013526000350018027000720021530000230028720100728123627.0 aENG-97221 a9380297033c195.00 a9789380297033c195.00 aEN-80754 bDBAD/PUB a649.1 aJackson, Linda aThe art of parenting /cby Linda Jackson aNew DelhibEpitome Booksc2009 aB-65, mansaram Park Near Nawada metro Station bNew Delhie11005906 a160.pc22cm. (pbk)